Proceso Legislativo de la Iniciativa Presidencial de Reformas y Adicionesa la Ley Orgánica de la Administración Pública Federal (Record no. 9411)
[ view plain ]
| 000 -CABECERA | |
|---|---|
| campo de control de longitud fija | 00837nam a2200229 a 4500 |
| 001 - NÚMERO DE CONTROL | |
| campo de control | BRL_599 |
| 005 - FECHA Y HORA DE LA ÚLTIMA TRANSACCIÓN | |
| campo de control | 20190320210821.0 |
| 008 - DATOS DE LONGITUD FIJA--INFORMACIÓN GENERAL | |
| campo de control de longitud fija | 100913s198u----mx-######l---#000-0#spa-# |
| 041 ## - CÓDIGO DE LENGUA | |
| Código de lengua del texto/banda sonora o título independiente | spa |
| 044 ## - CÓDIGO DEL PAÍS DE LA ENTIDAD EDITORA/PRODUCTORA | |
| Código MARC del país | mx |
| 050 #4 - SIGNATURA TOPOGRÁFICA DE LA BIBLIOTECA DEL CONGRESO | |
| Número de clasificación | JL1229.A2 |
| Número de documento/Ítem | .C36 1980 |
| 110 2# - ENTRADA PRINCIPAL--NOMBRE DE ENTIDAD CORPORATIVA | |
| Nombre de entidad corporativa o nombre de jurisdicción como elemento de entrada | Cámara de diputados |
| Unidad subordinada | LII Legislatura |
| 9 (RLIN) | 24398 |
| 245 10 - MENCIÓN DE TÍTULO | |
| Título | Proceso Legislativo de la Iniciativa Presidencial de Reformas y Adicionesa la Ley Orgánica de la Administración Pública Federal |
| Mención de responsabilidad, etc. | LII Legislatura, Cámara de Diputados del Congreso de la Unión. |
| 260 ## - PUBLICACIÓN, DISTRIBUCIÓN, ETC. | |
| Lugar de publicación, distribución, etc. | México |
| Nombre del editor, distribuidor, etc. | Cámara de diputados del Congreso de la Unión |
| Fecha de publicación, distribución, etc. | [1980-] |
| 300 ## - DESCRIPCIÓN FÍSICA | |
| Extensión | 311 p. |
| Dimensiones | 21 cm. |
| 440 #0 - MENCIÓN DE SERIE/PUNTO DE ACCESO ADICIONAL--TÍTULO | |
| Título | Colección Documentos |
| 9 (RLIN) | 24399 |
| 500 ## - NOTA GENERAL | |
| Nota general | Au714 |
| 500 ## - NOTA GENERAL | |
| Nota general | Tiene las primeras hojas desprendidas. |
| 650 14 - PUNTO DE ACCESO ADICIONAL DE MATERIA--TÉRMINO DE MATERIA | |
| Término de materia o nombre geográfico como elemento de entrada | Derecho administrativo |
| Subdivisión geográfica | México |
| 9 (RLIN) | 24400 |
| 902 ## - CATALOGADOR | |
| Iniciales | GRL |
| 942 ## - ELEMENTOS DE PUNTO DE ACCESO ADICIONAL (KOHA) | |
| Fuente del sistema de clasificación o colocación | Library of Congress Classification |
| Tipo de ítem Koha | Libros |
| Estado de retiro | Estado de pérdida | Estado dañado | No para préstamo | Localización permanente | Ubicación/localización actual | Fecha de adquisición | Número de inventario | Total de préstamos | Signatura topográfica completa | Código de barras | Fecha visto por última vez | Precio válido a partir de | Tipo de ítem Koha |
|---|---|---|---|---|---|---|---|---|---|---|---|---|---|
| El ejemplar forma parte de la colección y puede ser consultado según las políticas vigentes. | Biblioteca Centro de Estudios Ruth D. Lechuga | Biblioteca Centro de Estudios Ruth D. Lechuga | 10/09/2013 | Au714 | JL1229.A2 .C36 1980 (Au714) | GRL00657 | 22/03/2019 | 22/03/2019 | Libros |